Hóa học đại cương - Vô cơ : Ôn luyện thi Đại học, Cao đẳng, ...Bồi dưỡng học sinh giỏi lớp 10, 11, 12
Sách gồm 2 phần trình bày tóm tắt chương trình hóa học phổ thông trung học, những đề thi và đáp án.
Uloženo v:
| Hlavní autor: | |
|---|---|
| Médium: | Kniha |
| Jazyk: | Undetermined |
| Vydáno: |
Hà Nội
Khoa học và Kỹ thuật
2000
|
| Témata: | |
| Tagy: |
Přidat tag
Žádné tagy, Buďte první, kdo otaguje tento záznam!
|
| Thư viện lưu trữ: | Trung tâm Học liệu Trường Đại học Cần Thơ |
|---|
| LEADER | 00847nam a2200217Ia 4500 | ||
|---|---|---|---|
| 001 | CTU_161905 | ||
| 008 | 210402s9999 xx 000 0 und d | ||
| 020 | |c 21000 | ||
| 082 | |a 540 | ||
| 082 | |b B455/T.1 | ||
| 100 | |a Trương, Văn Bổng | ||
| 245 | 0 | |a Hóa học đại cương - Vô cơ : | |
| 245 | 0 | |b Ôn luyện thi Đại học, Cao đẳng, ...Bồi dưỡng học sinh giỏi lớp 10, 11, 12 | |
| 245 | 0 | |c Trương Văn Bổng | |
| 260 | |a Hà Nội | ||
| 260 | |b Khoa học và Kỹ thuật | ||
| 260 | |c 2000 | ||
| 520 | |a Sách gồm 2 phần trình bày tóm tắt chương trình hóa học phổ thông trung học, những đề thi và đáp án. | ||
| 650 | |a Chemistry,Hóa học | ||
| 910 | |a Hải | ||
| 980 | |a Trung tâm Học liệu Trường Đại học Cần Thơ | ||